Networks of trade, polity, and societal integration in Chola-era South India, c. 875-1279 / (Record no. 84461)

MARC details
000 -LEADER
fixed length control field 00744nam a22002177a 4500
005 - DATE AND TIME OF LATEST TRANSACTION
control field 20140731114346.0
010 ## - LCCN (DPL NO)
LC control number ENG-110060
020 ## - INTERNATIONAL STANDARD BOOK NUMBER
International Standard Book Number 9789380607443
Terms of availability 995.00
035 ## - SYSTEM CONTROL NUMBER
System control number EN-93593
037 ## - SOURCE OF ACQUISITION
Source of stock number/acquisition DBAD/PUB
082 ## - DEWEY DECIMAL CLASSIFICATION NUMBER
Classification number 954.8021
100 ## - MAIN ENTRY--PERSONAL NAME
Personal name Hall, Kenneth R.
245 ## - TITLE STATEMENT
Title Networks of trade, polity, and societal integration in Chola-era South India, c. 875-1279 /
Statement of responsibility, etc by Kenneth R. Hall
260 ## - PUBLICATION, DISTRIBUTION, ETC. (IMPRINT)
Place of publication, distribution, etc Delhi
Name of publisher, distributor, etc Primus Books
Date of publication, distribution, etc 2014
270 ## - ADDRESS
Address Virat Bhavan, Mukherjee Nagar Commercial Complex
City Delhi
Postal code 110009
300 ## - PHYSICAL DESCRIPTION
Extent xiii,277p. :
Other physical details ill.,maps
Dimensions 24cm(Hb)
500 ## - GENERAL NOTE
General note Includes bibliographical references and index.
600 ## - SUBJECT ADDED ENTRY--PERSONAL NAME
Personal name Choḷa dynasty,
Dates associated with a name 850-1279.
700 ## - ADDED ENTRY--PERSONAL NAME
Personal name
942 ## - ADDED ENTRY ELEMENTS (KOHA)
Source of classification or shelving scheme Dewey Decimal Classification
Item type English Books
Call number suffix HAL
Classification part 954.8021
Holdings
Withdrawn status Lost status Not for loan Collection code Home library Current library Date acquired Source of acquisition Cost, normal purchase price Full call number Barcode Copy number Cost, replacement price Koha item type
    Not For Loan Non-fiction D.B.Act.Division D.B.Act.Division 22/05/2014 DBAD/PUB 995.00 954.8021 HAL EN-93593 1 995.00 English Books

© Delhi Public Library
Hit Counter
free hit counter